| 000 | 01864cam a22005054i 4500 | ||
|---|---|---|---|
| 003 | PE-LiUPU | ||
| 005 | 20250731173118.0 | ||
| 008 | 200123s2009 cl r 000 0 spa d | ||
| 020 |
_a9568052054 _q(Volumen 3) |
||
| 020 |
_a9789568052058 _q(Volumen 3) |
||
| 035 | _a(Sirsi) a252792 | ||
| 040 |
_aPE-LiUPU _bspa _cPE-LiUPU _erda |
||
| 049 | _aPRUA | ||
| 082 | 0 | 4 |
_a270.828 _bR34 _220 |
| 110 | 1 | _aRed Latinoamericana de Estudios Pentecostales. | |
| 245 | 1 | 0 |
_aVoces del pentecostalismo latinoamericano : _bidentidad, teología, historia / _ceditores, Daniel Chiquete, Luis Orellana. |
| 264 | 1 |
_aConcepción : _b[Editorial no identificada], _c2009. |
|
| 300 |
_aVolumen 3 : _bilustraciones ; _c22 centímetros. |
||
| 336 |
_atext _2rdacontent |
||
| 337 |
_aunmediated _2rdamedia |
||
| 338 |
_aunmediated _2rdamedia |
||
| 490 | 0 | _aColección centenario del movimiento pentecostal | |
| 505 | 0 | _aPerspectiva histórica -- Perspectiva sociológica -- Perspectiva bíblico-teológica -- Perspectiva de genero -- Perspectiva testimonial. | |
| 526 | _aSEG42 | ||
| 526 | _aSEG41 | ||
| 526 | _aSEG40 | ||
| 526 | _aSEG39 | ||
| 526 | _aP94 | ||
| 526 | _aP87 | ||
| 526 | _aP86 | ||
| 526 | _aP85 | ||
| 526 | _aP77 | ||
| 526 | _aP76 | ||
| 526 | _aP35 | ||
| 650 | 0 | 7 |
_aPentecostalismo _zAmérica Latina. |
| 650 | 0 | 4 |
_aIglesias pentecostales _zAmerica latina. |
| 700 | 1 |
_aChiquete, Daniel, _eeditor. |
|
| 700 | 1 |
_aOrellana Urtubia, Luis, _eeditor. |
|
| 910 |
_adbm _bncf _cncf _d20200123 |
||
| 942 |
_2ddc _cBOOK |
||
| 994 |
_aC0 _bPEPRU |
||
| 596 | _a1 | ||
| 999 |
_a270.828 R34 _wDEWEY _c32013 _i80980 _f2021-11-11 _g2 _lCCODEBUL1 _mBUL _p24.00 _r0 _sY _tBOOK _u2020-1-23 _xTEOLOGIA _PP35 _0DONACION _o.STAFF. Colección Teología _d32013 |
||
| 980 |
_81 _gALBERTO SANCHEZ Responsable de Automatización |
||